| 000 | 01144nam a2200337 i 4500 | ||
|---|---|---|---|
| 001 | 000018799 | ||
| 003 | DO-SdBNP | ||
| 005 | 20250916101735.0 | ||
| 007 | ta | ||
| 008 | 100519s2010 dr abc 001 0 spa d | ||
| 040 |
_aDO-SdBNP _bspa _cBNPHU _erda |
||
| 041 | _hspa | ||
| 082 | 4 |
_a972.93 _bA333a, 1989 _222 |
|
| 100 | 1 |
_aAlbert Batista, Celsa, _d1942- _930639 _eautora |
|
| 245 | 1 | 4 |
_aLos africanos y nuestra isla / _cCelsa Albert Batista |
| 250 | _asegunda edición | ||
| 264 |
_aSanto Domingo : _bEdiciones CEDEE _c1989 |
||
| 300 |
_a31 páginas : _bilustraciones, mapas, retratos ; _c22 cm. |
||
| 336 |
_2rdacontent _atexto _btxt |
||
| 337 |
_2rdamedia _asin mediación _bn |
||
| 338 |
_2rdacarrier _avolumen _bnc |
||
| 590 | _aInventariado, 2025/DG | ||
| 650 | 4 |
_aAfricanos _zRepública Dominicana _940536 |
|
| 650 | 0 |
_aEsclavitud _zRepública Dominicana _xHistoria _913499 |
|
| 650 | 0 |
_aTrata de esclavos _xHistoria _921366 |
|
| 650 | 4 |
_aNegros _xVida social y costumbres _zRepública Dominicana _940538 |
|
| 650 | 4 |
_aNegros _zRepública Dominicana _xHistoria _917935 |
|
| 650 | 0 |
_aEsclavitud _921367 |
|
| 910 | _aDG | ||
| 942 |
_2ddc _cLF2 |
||
| 999 |
_c59266 _d59266 |
||